000 01561nam0a2200325 4500
001 RU\NLR\BIBL_A\022633622
005 20260112125032.0
010 _a978-5-908007-15-3
_9100
021 _aRU
_bКН-П-25-047562
_9КН-П-25-4615
035 _a(NLR Aleph) 022633622
090 _a13513717
_c13513717
100 _a20250930d2025 u y0rusy50 ca
101 0 _arus
102 _aRU
105 _ac z 010gy
181 0 _ai3
_baxxe
182 0 _an
200 1 _aМоя Россия. Живи, Рязань, и расцветай!
_eстихотворения
_fВладимир Кольчугин
203 _aТекст
_bвизуальный
_cнепосредственный
210 _aРязань
_cКоняхин А. В. (Book Jet)
_d2025
215 _a187 c.
_cцв. портр.
_d22
327 1 _aСодерж. циклы: 930-летию Рязани; Есенин. Конкурс. 130 лет. Первое место. Мещёра; Год защитника Отечества 2025; Золотое кольцо России; Русский мир и православная лирика; Радость моя; Картины художников; Песенные тексты; Неба предвечного силой
517 1 _aЖиви, Рязань, и расцветай!
686 2 _aШ6(2=Р)8-5
700 1 _aКольчугин
_bВ. Б.
_gВладимир Борисович
942 _cBOOK
980 _aNB